<?xml version="1.0" encoding="UTF-8"?>
<record
    xmlns:xsi="http://www.w3.org/2001/XMLSchema-instance"
    xsi:schemaLocation="http://www.loc.gov/MARC21/slim http://www.loc.gov/standards/marcxml/schema/MARC21slim.xsd"
    xmlns="http://www.loc.gov/MARC21/slim">

  <leader>00329nam a22001577a 4500</leader>
  <controlfield tag="003">SGT</controlfield>
  <datafield tag="020" ind1=" " ind2=" ">
    <subfield code="a">978-93-5930-161-7</subfield>
  </datafield>
  <datafield tag="082" ind1=" " ind2=" ">
    <subfield code="a">346.07</subfield>
    <subfield code="b">KUC</subfield>
  </datafield>
  <datafield tag="100" ind1=" " ind2=" ">
    <subfield code="a">KUCHAHAL, M.C.</subfield>
  </datafield>
  <datafield tag="245" ind1=" " ind2=" ">
    <subfield code="a">BUSINESS LAW</subfield>
  </datafield>
  <datafield tag="250" ind1=" " ind2=" ">
    <subfield code="a">9TH</subfield>
  </datafield>
  <datafield tag="260" ind1=" " ind2=" ">
    <subfield code="a">INDIA </subfield>
    <subfield code="b">VIKASH PUB. </subfield>
    <subfield code="c">2024</subfield>
  </datafield>
  <datafield tag="300" ind1=" " ind2=" ">
    <subfield code="a">471</subfield>
  </datafield>
  <datafield tag="650" ind1=" " ind2=" ">
    <subfield code="a">BUSINESS LAW</subfield>
  </datafield>
  <datafield tag="942" ind1=" " ind2=" ">
    <subfield code="2">ddc</subfield>
    <subfield code="c">BK</subfield>
  </datafield>
  <datafield tag="952" ind1=" " ind2=" ">
    <subfield code="0">0</subfield>
    <subfield code="1">0</subfield>
    <subfield code="2">ddc</subfield>
    <subfield code="4">0</subfield>
    <subfield code="7">1</subfield>
    <subfield code="8">CM</subfield>
    <subfield code="a">SSSL</subfield>
    <subfield code="b">SSSL</subfield>
    <subfield code="c">REF</subfield>
    <subfield code="d">2025-01-28</subfield>
    <subfield code="e">SAVERA BOOK DISTRIBUTORS</subfield>
    <subfield code="g">525.00</subfield>
    <subfield code="i">SGTU</subfield>
    <subfield code="o">346.07 KUC</subfield>
    <subfield code="p">CM7303</subfield>
    <subfield code="r">2025-01-28 00:00:00</subfield>
    <subfield code="w">0000-00-00</subfield>
    <subfield code="y">BK</subfield>
    <subfield code="k">24-25/CRB/763</subfield>
  </datafield>
  <datafield tag="952" ind1=" " ind2=" ">
    <subfield code="0">0</subfield>
    <subfield code="1">0</subfield>
    <subfield code="2">ddc</subfield>
    <subfield code="4">0</subfield>
    <subfield code="7">0</subfield>
    <subfield code="8">CM</subfield>
    <subfield code="a">SSSL</subfield>
    <subfield code="b">SSSL</subfield>
    <subfield code="c">TXT</subfield>
    <subfield code="d">2025-01-28</subfield>
    <subfield code="e">SAVERA BOOK DISTRIBUTORS</subfield>
    <subfield code="g">525.00</subfield>
    <subfield code="i">SGTU</subfield>
    <subfield code="l">6</subfield>
    <subfield code="o">346.07 KUC</subfield>
    <subfield code="p">CM7304</subfield>
    <subfield code="r">2026-04-15 00:00:00</subfield>
    <subfield code="s">2026-03-30</subfield>
    <subfield code="w">0000-00-00</subfield>
    <subfield code="y">BK</subfield>
    <subfield code="k">24-25/CRB/763</subfield>
  </datafield>
  <datafield tag="999" ind1=" " ind2=" ">
    <subfield code="c">29488</subfield>
    <subfield code="d">29488</subfield>
  </datafield>
</record>
